Les 10 villes les plus peuplées d'Alpes - Statistiques

Statistiques générales
  • Ce quiz a été pris 80 fois
  • Le résultat moyen est 3 sur 10
Statistiques - réponses
pop Réponse % Correct
510k Grenoble
89%
190k Chambéry
77%
63k Gap
59%
122k Innsbruck
23%
146k Salzbourg
14%
205k Lucerne
5%
107k Bolzano
3%
95k Klagenfurt
3%
120k Trente
3%
60k Rosenheim
0%
Aucun quiz correspondant
Distribution des résultats
% des personnes avec chaque résultat
Percentile par nombre de réponses
Votre historique - résultats
Vous n’avez pas pris ce quiz